Financial analysis and intercompany comparison

Hlavným cieľom každého podniku je dosahovanie zisku a jeho maximalizácia. Finančná analýza spoločnosti a jej porovnanie medzi podnikmi pôsobiacimi v rovnakom odvetví. Zhodnotenie a vývoj finančnej situácie podniku.

Salvato in:
Dettagli Bibliografici
Autore principale: Želinský, Richard
Altri autori: Beslerová, Stela
Natura: Capitolo di libro
Lingua:slovacco
Soggetti:
Tags: Aggiungi Tag
Nessun Tag, puoi essere il primo ad aggiungerne!!

MARC

LEADER 00000nla a2200000 4500
001 0213136
005 20240502073539.7
041 0 |a slo 
044 |a SK 
245 1 0 |a Financial analysis and intercompany comparison  |c Richard Želinský, Stela Beslerová 
520 |a Hlavným cieľom každého podniku je dosahovanie zisku a jeho maximalizácia. Finančná analýza spoločnosti a jej porovnanie medzi podnikmi pôsobiacimi v rovnakom odvetví. Zhodnotenie a vývoj finančnej situácie podniku. 
610 2 0 |a situácia finančná podniku 
610 2 0 |a riadenie finančné 
610 2 0 |a ukazovatele finančné 
610 2 0 |a plánovanie zisku 
610 2 0 |a výnosy podnikové 
610 2 0 |a porovnanie medzipodnikové 
100 1 |a Želinský, Richard 
700 1 |a Beslerová, Stela